000
00293nam a2200109Ia 4500
008
171211s9999 xx 000 0 und d
245
_a
Standard Catalog Of Ruger Firearms
245
_c
Jerry Lee
260
_c
2014
650
_x
Military
856
_u
http://down.ebook777.com/StaCatOfRugFir.pdf
999
_c
348307
_d
348307